Geometry Quiz - Statistics

General Stats
  • This quiz has been taken 125 times
  • The average score is 11 of 14
Answer Stats
Picture Hint Answer % Correct
2D shape square
100%
2D shape triangle
100%
2D shape hexagon
93%
2D shape pentagon
92%
2D shape octagon
84%
2D shape circle
82%
angle right
78%
angle acute
77%
2D shape decagon
73%
angle obtuse
73%
2D shape heptagon
72%
2D shape nonagon
69%
lines parallel
64%
lines perpendicular
57%
No matching quizzes found
Score Distribution
Percent of People with Each Score
Percentile by Number Answered
Your Score History
You have not taken this quiz